Statistics for Words that End in "-Ette"

Click here to take the quiz!

General Stats

  • This quiz has been taken 286 times
  • The average score is 13 of 20

Answer Stats

HintAnswer% Correct
Woman with brown hairBrunette
98%
Long French breadBaguette
97%
Smoker's posessionCigarette
90%
Tape for recording and playbackCassette
86%
Casino game with a wheelRoulette
82%
Manners, proper behaviorEtiquette
81%
Egg breakfast dish with fillingsOmelette
71%
Outline of a person in shadowSilhouette
69%
Puppet on stringsMarionette
68%
Spin, like in balletPirouette
68%
A woman fighting for right to voteSuffragette
68%
Range of an artist's colors/soundsPalette
65%
Chevrolet model carCorvette
62%
What the British call "zucchini"Courgette
62%
Name for a newspaperGazette
58%
Labratory tool to pick up liquidsPipette
56%
Type of salad dressingVinaigrette
45%
LaundromatLaundrette
36%
Small figurineStatuette
25%
Small episode, or a fading portraitVignette
21%

Score Distribution

Percentile by Number Answered

Percent of People with Each Score

Your Score History

You have not taken this quiz